1227 1850 1557 1589 1706 1057 1824 1021 1237 1270 1501 1422 1402 1811 1966 1007 1108 1797 1151 1217 1630 1084 1187 1733 1495 1651 1096 1940 1557 1329 1592 1716 1194 1365 1898 1203 1857 1981 1393 1468 1716 1885 1193 1310 1574 1272 1977 1866 1499 1517 1813 1924 1008 1713 1617 1290 1301 1143 1998 1243 1092 1737 1503 1239 1834 1399 1477 1316 1227 1887 1210 1176 1350 1005 1774 1920 1765 1935 1260 1270 1930 1741 1992 1892 1086 1062 1956 1809 1558 1654 1062 1198 1230 1095 1306 1584 1033 1643 1382 BCNSPRNW ULIB Ver.6.0+V

เปลี่ยนเป็นภาษาไทย

Change to English
 แสดงรายละเอียดบรรณานุกรม
  กลับหน้าหลัก

Brief Record : Get Marc (ISO 2709) : E-mail record : QR code < ปิดหน้าต่าง
LEADER : 00000nam 2200000uu 4500
001    13399113347
003     ULIB
008    111107s2553||||th 000 0 tha d
020    9786161100889
060 04 QY4^bส748ค 2553
100 0  สุคันธา สิงห์ทอง
245 10 ความรู้พื้นฐานด้านพยาธิวิทยาคลินิก /^cสุคันธา สิงห์ทอง
250    พิมพ์ครั้งที่ 1
260    กรุงเทพฯ :^bโครงการสวัสดิการวิชาการ สถาบันพระบรมราชชนก,^c2553
300    ก-ฉ, 136 หน้า :^bภาพประกอบ ;^c26 ซม.
650  4 พยาธิวิทยา
710 2  สถาบันพระบรมราชชนก.^bโครงการสวัสดิการวิชาการ
945    ^p230^l0^i16799
945    ^p230^l0^i16800
945    ^p230^l0^i16801
945    ^p230^l0^i16802
945    ^p230^l0^i16920
945    ^p230^l0^i16921
945    ^p230^l0^i16919
945    ^p230^l0^i16803
945    ^p230^l0^i19343
945    ^p230^l0^i19344
995    กัณชพร
999 ^a ใช้งานได้ทุกระบบ
รายการนี้ยังไม่มีแท็ก
คุณยังไม่ได้ล็อกอิน คุณสามารถมีกิจกรรมร่วมกับเว็บไซต์ได้ แต่ต้องล็อกอินก่อน ::
  ล็อกอิน

รายการสื่อสารสนเทศ

ลำดับที่ ประเภท เลขเรียก/บาร์โค้ด สถานที่ สถานะ
1. วิทยาศาสตร์การแพทย์ และสุขภาพ
วิทยาศาสตร์การแพทย์ และสุขภาพ
สถานะ=หนังสือเก่า
QY4 ส748ค 2553  
  Barcode: 16799
ห้องสมุดวิทยาเขตนครสวรรค์
►ส่วนจัดเก็บหนังสือเก่า นว.
บนชั้น
  ขอยืม
2. วิทยาศาสตร์การแพทย์ และสุขภาพ
วิทยาศาสตร์การแพทย์ และสุขภาพ
สถานะ=หนังสือเก่า
QY4 ส748ค 2553 ฉ.10 
  Barcode: 19344
ห้องสมุดวิทยาเขตนครสวรรค์
►ส่วนจัดเก็บหนังสือเก่า นว.
บนชั้น
  ขอยืม
3. วิทยาศาสตร์การแพทย์ และสุขภาพ
วิทยาศาสตร์การแพทย์ และสุขภาพ
สถานะ=หนังสือเก่า
QY4 ส748ค 2553 ฉ.2 
  Barcode: 16800
ห้องสมุดวิทยาเขตนครสวรรค์
►ส่วนจัดเก็บหนังสือเก่า นว.
บนชั้น
  ขอยืม
4. วิทยาศาสตร์การแพทย์ และสุขภาพ
วิทยาศาสตร์การแพทย์ และสุขภาพ
สถานะ=หนังสือเก่า
QY4 ส748ค 2553 ฉ.3 
  Barcode: 16801
ห้องสมุดวิทยาเขตนครสวรรค์
►ส่วนจัดเก็บหนังสือเก่า นว.
บนชั้น
  ขอยืม
5. วิทยาศาสตร์การแพทย์ และสุขภาพ
วิทยาศาสตร์การแพทย์ และสุขภาพ
สถานะ=หนังสือเก่า
QY4 ส748ค 2553 ฉ.4 
  Barcode: 16802
ห้องสมุดวิทยาเขตนครสวรรค์
►ส่วนจัดเก็บหนังสือเก่า นว.
บนชั้น
  ขอยืม
6. วิทยาศาสตร์การแพทย์ และสุขภาพ
วิทยาศาสตร์การแพทย์ และสุขภาพ
สถานะ=หนังสือเก่า
QY4 ส748ค 2553 ฉ.5 
  Barcode: 16920
ห้องสมุดวิทยาเขตนครสวรรค์
►ส่วนจัดเก็บหนังสือเก่า นว.
บนชั้น
  ขอยืม
7. วิทยาศาสตร์การแพทย์ และสุขภาพ
วิทยาศาสตร์การแพทย์ และสุขภาพ
สถานะ=หนังสือเก่า
QY4 ส748ค 2553 ฉ.6 
  Barcode: 16921
ห้องสมุดวิทยาเขตนครสวรรค์
►ส่วนจัดเก็บหนังสือเก่า นว.
บนชั้น
  ขอยืม
8. วิทยาศาสตร์การแพทย์ และสุขภาพ
วิทยาศาสตร์การแพทย์ และสุขภาพ
สถานะ=หนังสือเก่า
QY4 ส748ค 2553 ฉ.7 
  Barcode: 16919
ห้องสมุดวิทยาเขตนครสวรรค์
►ส่วนจัดเก็บหนังสือเก่า นว.
บนชั้น
  ขอยืม
9. วิทยาศาสตร์การแพทย์ และสุขภาพ
วิทยาศาสตร์การแพทย์ และสุขภาพ
สถานะ=หนังสือเก่า
QY4 ส748ค 2553 ฉ.8 
  Barcode: 16803
ห้องสมุดวิทยาเขตนครสวรรค์
►ส่วนจัดเก็บหนังสือเก่า นว.
บนชั้น
  ขอยืม
10. วิทยาศาสตร์การแพทย์ และสุขภาพ
วิทยาศาสตร์การแพทย์ และสุขภาพ
สถานะ=หนังสือเก่า
QY4 ส748ค 2553 ฉ.9 
  Barcode: 19343
ห้องสมุดวิทยาเขตนครสวรรค์
►ส่วนจัดเก็บหนังสือเก่า นว.
บนชั้น
  ขอยืม

รายการใกล้เคียง
    ผู้แต่ง [สุคันธา สิงห์ทอง]

    หัวเรื่อง [พยาธิวิทยา]

BibComment


ยังไม่เคยถูกคอมเมนท์

คอมเมนท์ทรัพยากรรายการนี้
  คอมเมนท์: ความรู้พื้นฐานด้า..


 Copyright 2026. Bcnsprnw @Library